000 00966nam a22002537a 4500
999 _c10841
_d10841
003 AR-CdUCM
008 190402b ||||| |||| 00| 0 spa d
040 _aMUNICIPALIDAD PROVINCIAL DEL CUSCO
_cBIBLIOTECA MUNICIPAL DEL CUSCO
041 _heng
082 _a330.154 /
_bC45 / 1936
100 _aColbourne, Maurice
_927888
245 _aLa economía nueva :
_b (nacionalismo económico) /
260 _aBarcelona :
_bLabor,
_c1936.
300 _a314 páginas ;
_c18.5 cm.
440 _aEconomía
_n10
_927889
505 _aContenido: La época de escasez -- La época de la abundancia potencial -- El hombre y la maquina -- Ocio y trabajo -- El obstáculo -- El objeto de la industria ...
650 _aEconomía
_9382
650 _aNacionalismo y nacionalidad
_927890
650 _aCondiciones económicas
_91989
650 _aPolítica económica
_91407
700 _aGarcía de López, Carmela (traducción)
_927891
942 _2ddc
_cLIBROS
945 _aacv